LEADER 01004nam a2200241 i 4500 001 000000153008 003 CaOOAMICUS 005 20060911000000.0 008 060911s1965 it u000 u ita u 013 $a130349 040 $aSeMil$bita 100 1 $aTheophilus : Antiochenus,$c.$0(OLS)http://semarc/name/35400 245 10$aTre libri ad Autolico /$cS. Teofilo d'Antiochia ; Versione, introduzione e note a cura di Gramaglia Pierangelo. 260 $a[S.l.] :$bPaoline,$cstampa 1965. 300 $a175 p. ;$c20 cm. 490 0 $aPatristica 650 4$aPatristica - Testi.$0(OLS)http://semarc/subject/0 700 1 $aGramaglia, Pier Angelo.$0(OLS)http://semarc/name/19206 830 0$aPatristica.$0(OLS)http://semarc/title/6204 850 $aSeMil 852 $aSeMil$W1$xVenegono$y1$m2S II 231$j104952$B104952$CSeMilBibl$Z2$F114213 $81 996 $6245$aTre libri ad Autolico$9(OLS)http://semarc/title/223809 996 $6260$a[S.l.] :$bPaoline$9(OLS)http://semarc/publisher/31245 LEADER 00620naa a2200145 i 4500 001 000000300234 003 CaOOAMICUS 005 20180831172659.0 008 180831n xx u000 u und u 013 $a7903 040 $aSeMil$bita 100 1 $aCordes, Paul Josef .$0(OLS)http://semarc/name/19823 245 10$aSul significato della Lettera apostolica di Giovanni Paolo 2. ai. 773 0 $aBiffi, Giacomo $tGiovanni Paolo 2..$dRoma : Cittą Nuova, copyr. 1988.$z88-311-7238-7$w()34473 996 $6245$aSul significato della Lettera apostolica di Giovanni Paolo 2. ai$9(OLS)http://semarc/title/376249